000 00675nam a2200193 4500
999 _c163779
_d163779
005 20190430124139.0
010 _aB-224990
020 _a812591661-X
_c00.00
035 _aB-224990
037 _bDBAD/PUB
082 _a485
100 _aChawla,Swarn
245 _aEnglish for competitive Examinations:
_bPractice tests for language proficiency/
_cby Swarn Chawla
260 _aNew Delhi
_bVikas Publishing House Pvt. Ltd.
_c2006
270 _a5,Ansari Road
_bNew Delhi
_e110002
_k23273601
_mhelpline@vikaspublishing.com
300 _axiii,304p.
_c23cms(hbk)
942 _2ddc
_cEN
_h485
_mCHA